Cose che ai maschi nessuno dice. (Record n. 360635)

Dettagli MARC
000 -LEADER
campo di controllo lung. fissa 01318nam a22002177a 4500
003 - Identificatore del numero di controllo
campo di controllo IT-MiCISF
005 - Data e orario dell'ultima transazione
campo di controllo 20250929122354.0
008 - Elementi di lunghezza fissa--Informazione generale
campo di controllo lung. fissa 250929b |||||||| |||| 00| 0 eng d
020 ## - ISBN (International Standard Book Number)
ISBN (International Standard Book Number) 9788807910883
040 ## - Fonte della catalogazione
Agenzia che fa la trascrizione IT-MiCISF
100 ## - Accesso principale -- nome di persona
Nome di persona Pellai Alberto
9 (RLIN) 56522
245 ## - Formulazione del titolo
Titolo Cose che ai maschi nessuno dice.
Complemento del titolo Baciare, fare, dire
250 ## - Formulazione di edizione
Formulazione di edizione Nuova edizione aggiornata
260 ## - Pubblicazione, distribuzione, ecc. (stampa)
Luogo di pubblicazione, distribuzione, ecc. Milano,
Nome dell'editore, distributore, ecc. UP Feltrinelli,
Data di pubblicazione, distribuzione, ecc. 2024
300 ## - Descrizione fisica
Estensione pp. 158
500 ## - Nota generale
Nota generale uomo, identità-maschile, infanzia, adolescenza, educazione, nuovi-media
520 ## - Riassunto, ecc.
Nota di riassunto, ecc. Il cromosoma Y impone regole precise alle quali si deve obbedire. Ma perché agli uomini non è permesso piangere, anche quando sono sopraffatti dal dolore? Perché non possono mostrarsi sensibili ed emotivi? Perché ai ragazzi viene insegnato che non devono chiedere aiuto? In un dialogo appassionato, Alberto Pellai parla agli adolescenti dei temi a loro più vicini come l’amicizia, il sesso, i videogiochi, i social e le dipendenze, e propone un nuovo pensiero “declinato al maschile” ma lontano dagli stereotipi che impongono ai giovani maschi di conquistare la propria identità di genere ispirandosi al mito dell’uomo che non deve chiedere mai né far trapelare le proprie emozioni.
650 ## - Accesso aggiunto di soggetto--termine topico
Termine topico o nome geografico come accesso Uomo
9 (RLIN) 56127
654 ## - Accesso aggiunto di soggetto--termini topici faccettati
Termine principale saggio
942 ## - Dati aggiuntivi (Koha)
Fonte della classificazione o dello schema di collocazione (segnatura) Dewey Decimal Classification
Tipo copia default (Koha) LIBRO
Dati di copia
Ritirato (status) Perso (status) Fonte della classificazione o dello schema di collocazione (segnatura) Danneggiato (status) Non per il presito Biblioteca proprietaria Biblioteca in cui si trova Data d'acquisizione Totale prestiti Collocazione Codice a barre Data ultima operazione Prezzo in vigore dal Tipo copia default (Koha)
    Dewey Decimal Classification Buone Condizioni Not For Loan CISF - Milano CISF - Milano 29/09/2025   B7892 9788807910883 29/09/2025 29/09/2025 LIBRO
CREDITS: SOCIETA' SAN PAOLO Via A.Severo, 58 - ROMA (RM) & PERIODICI SAN PAOLO SRL Via Giotto, 36 MILANO & CISF Via Giotto, 36 MILANO & EDIZIONI SAN PAOLO SRL,  Piazza Soncino, 5 CINISELLO BALSAMO (MI) -- ITALY